000 00724cam a22002172 4500
001 0000008512
005 20151217145841.0
008 080418s xx 000 0 eng d
020 _a1856842088 :
_cKES 730
040 _aKABU
_cKABU
100 1 _aGaukroger, Stephen.
_@0000159134
245 1 0 _aColossians and Philemon :
_bCrossway Bible guide /
_cStephen Gaukroger, Derek Wood.
260 _aLeicester, England :
_bCrossway Books,
_c2002.
300 _a118 p.
650 0 _aBible.N. T. Colossians
_xStudy and teaching.
_@0000159135
650 0 _aPhilemon
_xStudy and teaching.
_@0000159136
700 1 _aWood, Derek.
_@0000159137
908 _a080418
950 _@1
999 _c3282
_d3282